书目信息 |
| 题名: |
吴斌楼戳脚翻子全书
|
|
| 作者: | 张大为 | |
| 分册: | ||
| 出版信息: | 北京 北京人民体育出版社 2003 |
|
| 页数: | 623 | |
| 开本: | 20cm | |
| 丛书名: | ||
| 单 册: | ||
| 中图分类: | G852.12 | |
| 科图分类: | ||
| 主题词: | 武术 , 民族形式体育 | |
| 电子资源: | ||
| ISBN: | 7-5009-2366-X | |
| 000 | 00547nam0 2200193 450 | |
| 001 | 0736480453 | |
| 005 | 20070817100800.46 | |
| 010 | @a7-5009-2366-X@d¥35.00 | |
| 100 | @a20070817d km y0chiy0120 ea | |
| 101 | 0 | @achi |
| 200 | 1 | @a吴斌楼戳脚翻子全书@Awu bin lou chuo jiao fan zi quan shu@f张大为@Fzhang da wei |
| 210 | @a北京@c北京人民体育出版社@d2003 | |
| 215 | @a623@d20cm | |
| 606 | 0 | @a武术 |
| 606 | 0 | @a民族形式体育 |
| 690 | @aG852.12@v3 | |
| 701 | 0 | @a张大为@Azhang da wei |
| 801 | 0 | @aCN@bPFT@c20070817 |
| 905 | @a213230@dG852.12@et81@f1 | |
| 吴斌楼戳脚翻子全书/张大为.-北京:北京人民体育出版社,2003 |
| 623;20cm |
| ISBN 7-5009-2366-X:¥35.00 |
| ● |
| 相关链接 |
|
|
|
|
正题名:吴斌楼戳脚翻子全书
索取号:G852.12/t81
 
预约/预借
| 序号 | 登录号 | 条形码 | 馆藏地/架位号 | 状态 | 备注 |
| 1 | 6902076 | 269020766 | 密集书库-体育系/ [索取号:G852.12/t81] | 在馆 |